000 00277nam a2200121Ia 4500
008 241002s9999 xx 000 0 und d
082 _a921.1 EDM
100 _aEdman Irwin
245 0 _aPhilosophers Holiday
260 _aNew York:
_c1956
600 _aPhilosophy
942 _cUC
999 _c18411
_d18411